ბათუმის შოთა რუსთაველის სახელმწიფო უნივერსიტეტის ბიბლიოთეკა

მიწისქვეშა წყლების ძებნა–ძიება (ბიბ.ჩანაწერი № 44521)

000 -LEADER
fixed length control field 01019nam a2200229Ia 4500
001 - CONTROL NUMBER
control field 11324
003 - CONTROL NUMBER IDENTIFIER
control field GE_BSU
008 - FIXED-LENGTH DATA ELEMENTS--GENERAL INFORMATION
fixed length control field 181216s||||||||xx |||||||||||||| ||und||
040 ## - CATALOGING SOURCE
Transcribing agency GE_BSU
080 ## - UNIVERSAL DECIMAL CLASSIFICATION NUMBER
Universal Decimal Classification number 556.3(075.8)
100 ## - MAIN ENTRY--PERSONAL NAME
Personal name კამენსკი გ.
245 ## - TITLE STATEMENT
Title მიწისქვეშა წყლების ძებნა–ძიება
245 ## - TITLE STATEMENT
Remainder of title სახელმძღვ. გეოლოგიურ–საძიებო უმაღლესი ტექნიკური სასწავლებლებისათვის
245 ## - TITLE STATEMENT
Statement of responsibility, etc. რედ: ი. ბუაჩიძე, მთარგმნ: ა. ნადარეიშვილი, ნ. დაბახიშვილი
260 ## - PUBLICATION, DISTRIBUTION, ETC.
Place of publication, distribution, etc. თბილისი
260 ## - PUBLICATION, DISTRIBUTION, ETC.
Name of publisher, distributor, etc. ცოდნა
260 ## - PUBLICATION, DISTRIBUTION, ETC.
Date of publication, distribution, etc. 1964
300 ## - PHYSICAL DESCRIPTION
Extent 410გვ.22სმ.
300 ## - PHYSICAL DESCRIPTION
Accompanying material დანართი გვ. 392–400
653 ## - INDEX TERM--UNCONTROLLED
Uncontrolled term მიწისქვეშა წყლების ძებნა–ძიება
942 ## - ADDED ENTRY ELEMENTS (KOHA)
Koha item type წიგნი
ეგზემპლარები
Withdrawn status Lost status Damaged status Not for loan Date acquired Barcode Date last seen Price effective from Koha item type
        2018-12-17 19727 2018-12-17 2018-12-17 წიგნი